MDQL
is popping MORE tags! Check the
thread
!
Quizzes
Events
Quiz Creation
Community
Videos
Private Events
Remove Ads
Sign In
Join for FREE
Feedback
Dark Mode
Quiz Categories
Sports
Geography
Music
Movies
Television
Just For Fun
Miscellaneous
History
Literature
Language
Science
Gaming
Entertainment
Religion
Holiday
For Kids
Quiz Lab
Recent
Popular Today
Quiz Kudos Today
Editor Picks
Curator Picks
Quizzes by...
Day
Popularity
Type
Ratings
Length
Year
Community
Subscriptions
Recent Discussions
Orange Saloon
Badges
Playlists
Quests
Create
Leaderboards
Showdown
Live 5
Trivia Bingo
Activity
Puzzle Library
Sporcle Events
Private Events
Virtual Trivia
Globe League
Become a Host
Pub Owners
SporcleCon
Opinionation
Our Games
Videos
Blog
Mobile Apps
Partnerships
Remove Ads and Go Orange
Feedback
Geography
Country
Landmarks
City
State
Population
World
Capital
Continent
Flags
Europe
Africa
Asia
South America
North America
Oceania
Border
Canada
United Kingdom
Topography
United States
Geography
Country
Landmarks
City
State
Population
World
Capital
Continent
Flags
Europe
Africa
Asia
South America
North America
Oceania
Border
Canada
United Kingdom
Topography
United States
Random Quiz
Search Sporcle
×
Quiz Lab
Quiz Lab
Geography
Letter
Type in answers that appear in a list
Type in answers that appear in a list
Classic
Best Score? Go Orange.
Toronto's longest streets A-Z Stats
Can you name the longest streets in Toronto by letter?
By
tisch
5m
25 Questions
311 Plays
311 Plays
311 Plays
Comments
Comments
Give Quiz Kudos
Give Quiz Kudos
-
- Ratings
hide this ad
More Info
Replay
Link that replays current quiz
Next Quiz
Link to next quiz in quiz playlist
You Got
0%
They Got
Avg Score
40%
Avg Friend Score
Upgrade to see
Score Distribution
Jump to the score distribution portion of the page
Score
0/25
Timer
05:00
0
Plays Today
Letter
Longest street starting with that letter
% Correct
Y
Yonge
91.6%
Q
Queen
73%
D
Dundas
72.7%
E
Eglinton
71.7%
B
Bathurst
71.4%
F
Finch
68.5%
S
Steeles
59.2%
J
Jane
58.5%
K
Keele
57.9%
I
Islington
57.2%
A
Avenue
56.3%
V
Victoria Park
45%
L
Leslie
38.9%
Letter
Longest street starting with that letter
% Correct
W
Warden
37%
M
McCowan
30.9%
U
University
28.6%
R
Royal York
27%
C
Caledonia
15.8%
P
Pharmacy
13.5%
G
Gerard
9%
N
Neilson
7.4%
O
Oxford
3.5%
H
Howden
2.9%
Z
Zaph
2.9%
T
Tapscott
1.9%
Quiz Playlist
Details
Report
Send in Message
Add To Playlist
More Info:
The streets must be within the established city limits but the distance beyond is included in measurement. No street in Toronto begins with 'X'.
Classic:
Type in answers that appear in a list
Last Updated: Feb 16, 2017
Quiz Scoreboard
CHALLENGE
Sign Up to Join the Scoreboard
Show All
Scores
Hide
Comments
May contain spoilers
Recently Published
Famous 'C' Women
by xyz_
Entertainment
6m
Holiday 10x10 Sorting Gallery
by lukepisani3
Holiday
15m
Two Season TV Shows II
by 123Four
Television
10m
More to Explore
Quiz From the Vault
Featured Blog Post
14 Easter Pick-up Lines to Find Eggs With
hide this ad
You Might Also Like...
Tags
Canada Quiz
Letter Quiz
A-Z
Begins With
longest
ontario
street
toronto
Today's Top Quizzes in Geography
Browse Geography
hide this ad
Today's Top Quizzes in Letter
Browse Letter
Top Contributed Quizzes in Geography
1
Colored Red Europe Blitz I
2
Countries of the World - No Outlines Minefield
3
Colored Red Africa Blitz II
4
Colored Red Europe Blitz II
5
Colored Red Europe Blitz III
6
Colored Red Africa Blitz III
7
Colored Red States Blitz I
8
A Different View: World Oceans
9
Colored Red States Blitz II
10
Colored Red States Blitz III
Explore More
Trending Topics
Marvel
Harry Potter
NBA
Anime
Kpop
Disney
Crossword
Country
Pokémon
NFL
Song
Puzzle
WWE
The Office
Soccer
hide this ad
More By:
tisch
Quiz
Plays
Rating
Category
Featured
Created
Big and Small States
163,665
4.30
Geography
Mar 23, 2012
Big Bang Theory Relationships
66,687
2.73
Television
Jul 22, 2011
'Arthur' Theme Song
39,563
4.22
Television
Oct 10, 2011
who sings most: glee
13,566
3.16
Television
Sep 4, 2011
Sheldon or Abed
11,472
4.24
Television
Nov 8, 2011
Go to Creator's Profile
Score Distribution
Quiz Creator Spotlight
tisch
Follow
Send a Message
Quizzes Created
-
Created Quiz Play Count
-
More By This Creator
Popular Quizzes Today
1
Find the US States - No Outlines Minefield
2
Colored Red Africa Blitz
3
Find the 'City' Movie
4
The Countries of the World
5
Find the US States
6
5x2 Blitz: Bands
7
Find the Countries of Europe - No Outlines Minefield
8
US States
More Geography Quizzes
Progressively Harder Country Outlines (Asia)
Published
Trending Quizzes
Colored Red Europe Blitz I
Colored Red Europe Blitz II
Colored Red Africa Blitz II
Colored Red Africa Blitz III
Colored Red Europe Blitz III
Recently Updated
Odd Team Out - Big 4 Players
pecheneg
Quick Pick: 20 Twenties
pecheneg
March Madness Men's Triple Doubles
pecheneg
How Do You Spell That?
pecheneg
Godzilla Movies
pecheneg
Grab Bag: 4-10 Letters
pecheneg
2024 March Madness Bracket
pecheneg
Famous TV Couples
Peacemaker
Champions League XIs: Real Madrid
pecheneg
Largest US Cities 1790-2010
pecheneg
Trending Topics
Harry Potter
Disney
Kpop
NBA
Anime
Marvel
Crossword
NFL
Country
Pokémon
Song
Soccer
WWE
Puzzle
The Office
Your Account Isn't Verified!
In order to create a playlist on Sporcle, you need to verify the email address you used during registration. Go to your
Sporcle Settings
to finish the process.
Report this User
Report this user for behavior that violates our
Community Guidelines
.
Details:
Send Report
Go to the Sporcle.com Mobile Site →
Comments